The devi in the diva: (Record no. 190031)

MARC details
000 -LEADER
fixed length control field 00567nam a22001817a 4500
005 - DATE AND TIME OF LATEST TRANSACTION
control field 20220715165053.0
010 ## - LCCN (DPL NO)
LC control number ENG-133613
020 ## - INTERNATIONAL STANDARD BOOK NUMBER
Terms of availability 525.00
International Standard Book Number 9789390961320
035 ## - SYSTEM CONTROL NUMBER
System control number EN-117145
037 ## - SOURCE OF ACQUISITION
Source of stock number/acquisition DBAD/PUB
082 ## - DEWEY DECIMAL CLASSIFICATION NUMBER
Classification number 791.43615
100 ## - MAIN ENTRY--PERSONAL NAME
Personal name Talwar,Shyaonti
245 ## - TITLE STATEMENT
Title The devi in the diva:
Statement of responsibility, etc by Shyaonti Talwar
Remainder of title myths archetypes brands films/
260 ## - PUBLICATION, DISTRIBUTION, ETC. (IMPRINT)
Place of publication, distribution, etc New Delhi
Date of publication, distribution, etc 2022
Name of publisher, distributor, etc Vitasta Publishing
270 ## - ADDRESS
Address 2/15 Ansari Road,Daryaganj,
City New Delhi
Postal code 110002
300 ## - PHYSICAL DESCRIPTION
Extent 320p.
Dimensions 22cm(pbk)
Other physical details ill
942 ## - ADDED ENTRY ELEMENTS (KOHA)
Source of classification or shelving scheme Dewey Decimal Classification
Item type English Books
Classification part 791.43615
Call number suffix TAL
Holdings
Withdrawn status Lost status Not for loan Collection code Home library Current library Date acquired Source of acquisition Cost, normal purchase price Full call number Barcode Copy number Cost, replacement price Koha item type
      Non-fiction Bawana Bawana 15/07/2022 DBAD/PUB 525.00 791.43615 TAL EN-117145 1 525.00 English Books

© Delhi Public Library
Hit Counter
free hit counter